Les 30 sons les plus streamés de Werenoi - Statistiques

Statistiques générales
  • Ce quiz a été pris 313 fois
  • Le résultat moyen est 16 sur 30
Statistiques - réponses
Hint Réponse % Correct
3. 144M Chemin d’or
87%
1. 174,4M Laboratoire
80%
2. 154,1M Solitaire
76%
5. 90,9M Pyramide (ft Damso)
73%
21. 42M Poney
71%
4. 125,4M Tu connais
71%
10. 77,6M Pétunias
69%
7. 81,3M Ciao (ft Ninho)
66%
9. 79,1M Maudit (ft Hamza)
65%
15. 56M 3 singes (ft Ninho)
64%
27. 33,9M Triple V (ft Damso & Ninho)
62%
25. 37,7M Jamal
61%
16. 53,9M Piano (ft GIMS)
60%
6. 85,2M All eyes on me
59%
12. 68,6M Mauvaise
59%
13. 61,2M Scarface
59%
8. 79,7M 10.03.2023
57%
17. 51,2M Dans un verre (ft SDM)
52%
20. 43,8M Selfie (ft Maes)
45%
14. 58M Tout seul (ft Tiakola)
43%
19. 45M Escorte (ft PLK)
42%
29. 30,1M Virus
42%
23. 38,2M Location
41%
26. 35,4M 16.02.2024
36%
24. 38M Grisaille
36%
22. 41,7M Cordillère (ft Maes)
34%
11. 76,7M Mélanine (ft Heuss l’enfoiré)
34%
18. 51,1M Vulgaire
29%
28. 31,9M METALLICA (ft SDM)
24%
30. 29,6M Senor de los Gallos (ft Lacrim)
22%
Aucun quiz correspondant
Distribution des résultats
% des personnes avec chaque résultat
Percentile par nombre de réponses
Votre historique - résultats
Vous n’avez pas pris ce quiz